000 00657nam a2200289Ia 4500
005 20260324140214.0
008 008 260324s9999 xx 000 0 eng d
020 _a9781032639932
037 _aEBOOK
040 _aCRL
040 _beng
040 _cCRL
041 _2eng
041 _aeng
084 _qCRL
100 _aGeoff Lewis
_91203521
245 0 _aCommunications Systems
245 0 _bEngineers' Choices
260 _bTaylor and Francis
260 _c1999
365 _a
365 _b230
856 _uhttp://www.taylorfrancis.com/books/9781032639932
942 _cEBOOK
999 _c1805345
_d1805345